000 00638nam a22002177a 4500
003 dpl
005 20231108120307.0
008 231016b |||||||| |||| 00| 0 eng d
010 _aENG-138270
020 _a9789386365156
_c895.00
035 _aEN-121802
040 _cX
050 _b1
082 _a920
100 _aManoj Kumar
_957833
245 _aGreat Nationalist of India Deendayal Upadhyaya/
_cBy Manoj Kumar
260 _aNew Delhi
_bShri Sai Printographers
_c2020
270 _a102, 4787/23 Ansari Road, Daryagasnj
_bDelhi
_dIndia
_e110002
300 _a272p.
_b23cm.hbk
942 _2ddc
_cEN
_h920
_mMAN
999 _c198790
_d198790